Countries With Lowest Coastline-To-Border Ratio - Statistics

General Stats
  • This quiz has been taken 14 times
  • The average score is 6 of 12
Answer Stats
Ratio Country % Correct
76.9 Bosnia and Herzegovina
73%
37 Togo
73%
17.5 Benin
64%
12.4 Cameroon
55%
5 Senegal
55%
7.6 Bangladesh
45%
65.6 Iraq
45%
12.2 Syria
45%
67 Jordan
36%
19.5 Belgium
27%
5.2 Nigeria
27%
6.3 Guyana
18%
No matching quizzes found
Score Distribution
Percent of People with Each Score
Percentile by Number Answered
Your Score History
You have not taken this quiz